[Event "FRA-ch Blitz Online Qual"]
[Site "Europe Echecs INT"]
[Date "2020.05.16"]
[Round "4"]
[White "Spano, Remy"]
[Black "Joly, Julien"]
[Result "0-1"]
[WhiteElo "1662"]
[BlackElo "2188"]
[PlyCount "98"]
[EventDate "2020.05.16"]
[EventType "swiss (blitz)"]
[EventRounds "15"]
[EventCountry "FRA"]
[SourceTitle "CBM 196 Extra"]
[Source "ChessBase"]
[SourceDate "2020.07.31"]
[SourceVersion "1"]
[SourceVersionDate "2020.07.31"]
[SourceQuality "1"]

1. e4 g6 2. Bc4 Bg7 3. Nf3 c6 4. d4 d5 5. exd5 cxd5 6. Bd3 Nc6 7. c3 Nf6 8. 0-0 0-0 9. Bg5 Qb6 10. Qc2 Be6 11. Nbd2 Rac8 12. Nb3 Nb4 13. Qd2 Nxd3 14. Qxd3 Bf5 15. Qd2 Ne4 16. Qc1 Rfe8 17. Bh6 Bh8 18. Nfd2 Nf6 19. Nf3 Be4 20. Ng5 Bd3 21. Re1 Ne4 22. Nxe4 Bxe4 23. Nc5 Bf5 24. Nb3 Qc6 25. Qe3 b6 26. Bg5 Qd7 27. Qg3 Bg7 28. Re2 h6 29. Bd2 a5 30. Rae1 a4 31. Nc1 b5 32. Nd3 Bxd3 33. Qxd3 e6 34. Bf4 Rc4 35. Qh3 Kh7 36. Bd2 Rb8 37. Bf4 Rb7 38. Be5 b4 39. Bxg7 Kxg7 40. Rc2 Rbc7 41. Rec1 Qb5 42. Qd3 a3 43. Qd2 axb2 44. Rxb2 bxc3 45. Rxb5 cxd2 46. Rd1 Rc1 47. Rb1 Rxb1 48. Rxb1 Rc1+ 49. Rxc1 dxc1Q# 0-1

[Event "FRA-ch Blitz Online Qual"]
[Site "Europe Echecs INT"]
[Date "2020.05.16"]
[Round "2"]
[White "Spano, Remy"]
[Black "Rode, Anthony"]
[Result "1/2-1/2"]
[WhiteElo "1662"]
[BlackElo "2055"]
[PlyCount "112"]
[EventDate "2020.05.16"]
[EventType "swiss (blitz)"]
[EventRounds "15"]
[EventCountry "FRA"]
[SourceTitle "CBM 196 Extra"]
[Source "ChessBase"]
[SourceDate "2020.07.31"]
[SourceVersion "1"]
[SourceVersionDate "2020.07.31"]
[SourceQuality "1"]

1. e4 d5 2. Nc3 d4 3. Nce2 e5 4. Ng3 Nf6 5. Bc4 Bd6 6. d3 0-0 7. N1e2 Be6 8. Bb3 Qd7 9. 0-0 c5 10. f4 exf4 11. Nxf4 Bxb3 12. axb3 Nc6 13. Ngh5 Nxh5 14. Nxh5 Ne5 15. Bf4 a6 16. h3 Rae8 17. Qe1 Re6 18. Kh1 Rg6 19. Bxe5 Bxe5 20. Nf4 Rh6 21. Qg3 Qd6 22. Qf3 Rf6 23. g3 Kh8 24. Qg4 Rh6 25. Rf2 f6 26. Raf1 Qd8 27. Ne6 Qe8 28. Nxf8 Qxf8 29. Rf3 Rg6 30. Qe6 Bxg3 31. Rg1 Bh4 32. Rxg6 hxg6 33. Qg4 Bg5 34. h4 Bh6 35. h5 gxh5 36. Qxh5 Kg8 37. Qd5+ Kh8 38. Qxb7 Qd6 39. Qd5 Qf8 40. e5 Qe8 41. e6 Qg6 42. Qd8+ Kh7 43. Rh3 Qg4 44. Rh2 Qf3+ 45. Kg1 Qg3+ 46. Kh1 Qe1+ 47. Kg2 Qe2+ 48. Kh1 Qf3+ 49. Kg1 Kg6 50. Rxh6+ Kxh6 51. e7 Qg3+ 52. Kf1 Qf3+ 53. Ke1 Qe3+ 54. Kf1 Qf3+ 55. Kg1 Qg3+ 56. Kf1 Qf3+ 1/2-1/2